Les Dieux Grecs : Qui Suis-je ? - Statistiques

Statistiques générales
  • Ce quiz a été pris 439 fois
  • Le résultat moyen est 12 sur 13
Statistiques - réponses
Hint Réponse % Correct
Je suis le roi des dieux, maître des cieux et des éclairs. Qui suis-je ? Zeus
100%
Je suis le dieu des océans et des tremblements de terre. Mon trident est mon arme. Qui suis-je ? Poséidon
99%
Je suis la déesse de la sagesse, de la guerre stratégique et des arts. Mon symbole est la chouette. Qui suis-je ? Athéna
97%
Je suis le dieu des enfers et règne sur le royaume des morts. Qui suis-je ? Hadès
94%
Je suis la déesse de l'amour et de la beauté. Les roses et les colombes sont mes symboles. Qui suis-je ? Aphrodite
92%
Je suis le dieu du soleil, de la musique et de la poésie. Les oracles parlent en mon nom. Qui suis-je ? Apollon
89%
Je suis le messager des dieux, avec des sandales ailées pour me déplacer rapidement. Je suis aussi le dieu des voleurs. Qui suis-je ? Hermès
89%
Je suis la déesse du mariage et la reine des dieux. Mon mari est le roi des dieux. Qui suis-je ? Héra
88%
Je suis le dieu de la guerre brute, connu pour ma soif de combat. Qui suis-je ? Arès
86%
Je suis la déesse de la chasse, des animaux et de la lune. On m'appelle souvent la jumelle d'Apollon. Qui suis-je ? Artèmis
85%
Je suis le dieu du vin, des fêtes et de l'extase. On me célèbre avec des fêtes joyeuses et parfois sauvages. Qui suis-je ? Dionysos
84%
Je suis le dieu du feu, des forges et des volcans. Je suis souvent représenté avec un marteau et une enclume. Qui suis-je ? Héphaïstos
81%
Je suis la déesse de l'agriculture et des moissons. J'assure la fertilité des terres. Qui suis-je ? Déméter
71%
Aucun quiz correspondant
Distribution des résultats
% des personnes avec chaque résultat
Percentile par nombre de réponses
Votre historique - résultats
Vous n’avez pas pris ce quiz